000 01295naa a2200337 c 4500
001 49978
999 _c49978
_d49978
003 ES-MaCES
005 20170928133723.0
008 170928s2017 ne ||||| t||||||| ||eng d
040 _aES-MaCES
_bspa
_cES-MaCES
_dES-MaCES
245 0 0 _aJob security and long-term investment
_b: an experimental analysis
_cGary Charness, Ramón Cobo-Reyes, Natalia Jiménez, Juan A. Lacomba, Francisco Lagos
500 _aResumen
504 _aBibliografía: p. 214
650 4 _928292
_amercado de trabajo
650 4 _928301
_aseguridad en el empleo
650 4 _929076
_aprotección social
650 4 _928141
_ainversión
650 4 _930141
_afondo de los asalariados
650 4 _928316
_acontrato de trabajo
650 4 _928387
_asalario
650 4 _929368
_amodelo econométrico
653 _aRelaciones laborales-Empleo
700 1 _99505
_aCharness, Gary
700 _938577
_aCobo Reyes, Ramón
700 _938578
_aJiménez, Natalia
700 _938579
_aLacomba, Juan A.
700 _938580
_aLagos, Francisco
773 0 _986281
_dAmsterdam (P.O. Box 211, 1000 AE) Elsevier Science
_o089178
_tEuropean economic review
_w(ES-MaCES)25173
_gvol. 95 (June 2017) {10156 R. 089178} ;p. 195-214
902 _aART Artículo de revista
942 _2CES
_cAR
_h2.0.